02270nab a22002897a 4500999001500000003000400015005001700019008004100036040000700077100003400084245012900118260007300247300001300320500004400333505109700377505009001474650002601564650003001590650003101620650003601651650002401687650003101711650004901742650002501791773015101816942001301967 c5291d5291OSt20250217091852.0190604e xxu||||| |||| 00| 0 spa d cPJ 96346aMoltrassio, Sebastián10aLey bases y regularización de empleo sin registrar : baplicación temporal y reglamentación /cSebastián Moltrassio. aCiudad Autónoma de Buenos Aires :bThomson Reuters La Ley, c2024. ap. 26-38 aCita Online: TR LALEY AR/DOC/1951/2024. aSumario: I. Introducción. El gobierno actual va en sentido contrario al mundo.— II. Análisis del contexto laboral argentino.— III. Texto de la ley 27.742. Capítulo laboral. Principales modificaciones.— IV. Opiniones y críticas a la ley en el capítulo laboral.— V. Breve historia constitucional. El Constitucionalismo social.— VI. Normas constitucionales, de derechos humanos de rango constitucional nacional y provincial y normas de OIT. Colisión con la reforma laboral.— VII. La progresividad de las leyes en la Constitución Nacional.— VIII. El principio de progresividad en los tratados internacionales de Derechos Humanos con rango constitucional.— IX. Convenios de OIT.— X. El principio de progresividad según la Corte Suprema de Justicia.— XI. Violación al principio de progresividad de las leyes.— XII. Análisis de los artículos con la LCT, DNU 70/2023 y ley 27.742.— XIII. Fondo de cese laboral.— XIV. La incorporación del Trabajador Independiente.— XV. La eliminación de las multas por empleo sin registrar.— XVI. Conclusiones.  t¿Te interesa el texto completo? Solicitalo al correo: koha@justierradelfuego.gov.ar  091316aDERECHO LABORAL 091323aCONTRATO DE TRABAJO 091803aRELACIONES LABORALES 094428aRELACIÓN DE DEPENDENCIA 091382aINDEMNIZACION 094429aEMPLEO NO REGISTRADO 094925aORGANIZACION INTERNACIONAL DEL TRABAJO 091576aDISCRIMINACION0 0271493171dCiudad Autónoma de Buenos Aires : Thomson Reuters La Ley, 2014-tRevista anales de legislación argentina. Nº 12 - Diciembre 2024. 2udccANA